Game of Thrones Quotes Quiz Stats

 Plays Quiz Updated Apr 19, 2015

Score 0/26 Timer 12:00
228 Plays Today
% Correct
Daenerys Targaryen
93.5%
Jaime Lannister
91.9%
Khal Drogo
90.3%
Bran Stark
89.6%
Cersei Lannister
89.2%
Tyrion Lannister
88.3%
Eddard Stark
87.6%
Balon Greyjoy
87.5%
Brienne of Tarth
85%
Catelyn Stark
83.6%
Joffrey Baratheon
83.5%
Syrio Forel
82.3%
Jeor Mormont
81.2%
% Correct
Jorah Mormont
80.5%
Jaqen H'ghar
80.2%
Tywin Lannister
79.7%
Old Nan
79.3%
Theon Greyjoy
76.4%
Mord
73.2%
Sansa Stark
69%
Robb Stark
68.9%
Margaery Tyrell
64.9%
Varys
64.3%
Petyr Baelish
63%
Benjen Stark
59.5%
Arya Stark
51.5%

You're not logged in!

Compare scores with friends on all Sporcle quizzes.
OR
Log In

You Might Also Like...

Show Comments

Extras

Top Quizzes Today


Score Distribution

Your Account Isn't Verified!

In order to create a playlist on Sporcle, you need to verify the email address you used during registration. Go to your Sporcle Settings to finish the process.

Report this User

Report this user for behavior that violates our Community Guidelines.

Details: